000 00496nam a22001817a 4500
005 20240206060922.0
008 240206b |||||||| |||| 00| 0 eng d
020 _a0861314395.
082 _222
_a306.2
_bPOL.
100 _aAshraf, Ali.
100 _aSharma, L.N.
245 _aPolitical Sociology:
_bA new grammar of politics/
_cAli Ashraf.
260 _aNew Delhi :
_bUniversities ( India) Pvt. Ltd ,
_c1983.
300 _a224 p :,
650 _aPolitical,
650 _aSociology.
942 _cL
999 _c316
_d316